[Event "DVM U10 2015"]
[Site "Magdeburg GER"]
[Date "2015.12.28"]
[Round "3"]
[White "Dittenberger, Nico"]
[Black "Iyengar, Sriram"]
[Result "0-1"]
[Termination "normal"]
[Board "19.3"]
[WhiteElo "961"]
[BlackElo "947"]
[WhiteTeam "SC Landskrone"]
[BlackTeam "SF HN-Biberach 1978"]
[PlyCount "90"]
[WhiteFideId "12996254"]
[BlackFideId "16269110"]
[EventCountry "GER"]
[EventRounds "7"]
[EventType "team-swiss"]
[EventDate "2015.12.27"]

1. e4 e5 2. Nf3 Nc6 3. Bc4 Nf6 4. Nc3 Bb4 5. a3 Ba5 6. b4 Bb6 7. O-O O-O 8. d3
h6 9. Nd5 Nxd5 10. Bxd5 d6 11. b5 Ne7 12. Qe2 Nxd5 13. exd5 Bg4 14. Be3 a6 15.
bxa6 bxa6 16. h3 Bh5 17. Rab1 Rb8 18. Bxb6 Rxb6 19. Rxb6 cxb6 20. Qe3 b5 21. c4
bxc4 22. dxc4 Qd7 23. c5 dxc5 24. Nxe5 Qxd5 25. Nd3 Rc8 26. Nf4 Qg5 27. Nxh5
Qxh5 28. Qd3 c4 29. Qd4 c3 30. Rc1 c2 31. Qd3 Qc5 32. Qxa6 Rc6 33. Qa8+ Rc8 34.
Qe4 Qc3 35. a4 Qd2 36. Rxc2 Qxc2 37. Qe5 Qxa4 38. g4 Rc1+ 39. Kg2 Qc6+ 40. f3
Rc2+ 41. Kg3 g5 42. Qb8+ Kh7 43. Qf8 Qd5 44. h4 Qe5+ 45. f4 Qe3# 0-1

[Event "DVM U10 2015"]
[Site "Magdeburg GER"]
[Date "2015.12.28"]
[Round "3"]
[White "Gerold, Fabian"]
[Black "Kinsky, Leonhard"]
[Result "1-0"]
[Termination "normal"]
[Board "19.4"]
[WhiteElo "737"]
[BlackElo "819"]
[WhiteTeam "SF HN-Biberach 1978"]
[BlackTeam "SC Landskrone"]
[PlyCount "65"]
[BlackFideId "16255429"]
[EventCountry "GER"]
[EventRounds "7"]
[EventType "team-swiss"]
[EventDate "2015.12.27"]

1. e4 e5 2. Nf3 Nc6 3. Bc4 Nf6 4. Nc3 Bc5 5. d3 Nd4 6. Be3 d6 7. O-O Bg4 8.
Bxd4 exd4 9. Nd5 c6 10. c3 cxd5 11. Bb5+ Nd7 12. h3 Bxf3 13. Qxf3 a6 14. Ba4 b5
15. Bb3 Nf6 16. e5 dxe5 17. cxd4 Bxd4 18. a4 e4 19. dxe4 dxe4 20. Qe2 Qd7 21.
axb5 Qxb5 22. Qxb5+ Nd7 23. Qd5 O-O 24. Qxd4 Nf6 25. Bd5 Nxd5 26. Qxd5 Rfe8 27.
f3 e3 28. Rfe1 Rad8 29. Qb3 Rb8 30. Qc4 Rxb2 31. Qxa6 h6 32. Ra2 Rbb8 33. Rea1
1-0

[Event "DVM U10 2015"]
[Site "Magdeburg GER"]
[Date "2015.12.28"]
[Round "3"]
[White "Danielsen, Asger"]
[Black "Gehrke, Gina Celina"]
[Result "0-1"]
[Termination "normal"]
[Board "20.1"]
[WhiteElo "875"]
[BlackElo "1519"]
[WhiteTeam "SchachAkademiePaderborn 2"]
[BlackTeam "SV "Glück auf" Rüdersdorf"]
[PlyCount "98"]
[BlackFideId "16205979"]
[EventCountry "GER"]
[EventRounds "7"]
[EventType "team-swiss"]
[EventDate "2015.12.27"]

1. e4 c5 2. c4 Nc6 3. d3 d6 4. Nc3 e6 5. Nf3 Be7 6. g3 a6 7. Bg2 Nf6 8. O-O Nd4
9. Nxd4 cxd4 10. Ne2 e5 11. Bd2 Bd7 12. b4 Rc8 13. a4 b5 14. axb5 axb5 15. cxb5
Bxb5 16. Ra5 Bxd3 17. Bc1 Bxe4 18. Bxe4 Nxe4 19. Qd3 Nc3 20. Bd2 Nxe2+ 21. Qxe2
Rb8 22. Rfa1 O-O 23. Qg4 g6 24. h4 d5 25. Bg5 Bxg5 26. hxg5 Rxb4 27. Kg2 f6 28.
gxf6 Qxf6 29. f3 Rb2+ 30. Kh3 Qf5 31. Qxf5 Rxf5 32. Rxd5 e4 33. Rxf5 gxf5 34.
Ra8+ Kf7 35. Ra6 Rb7 36. Rh6 Kg7 37. Rd6 d3 38. fxe4 fxe4 39. Kg4 Re7 40. Kf4
e3 41. Rxd3 e2 42. g4 e1=Q 43. g5 Qe4+ 44. Kg3 Qxd3+ 45. Kg4 Qe4+ 46. Kh5 h6
47. g6 Qxg6+ 48. Kh4 Re5 49. Kh3 Rh5# 0-1

[Event "DVM U10 2015"]
[Site "Magdeburg GER"]
[Date "2015.12.28"]
[Round "3"]
[White "Petersen, Sophie"]
[Black "Nourzad, Shayan"]
[Result "0-1"]
[Termination "normal"]
[Board "20.2"]
[WhiteElo "942"]
[BlackElo "929"]
[WhiteTeam "SV "Glück auf" Rüdersdorf"]
[BlackTeam "SchachAkademiePaderborn 2"]
[PlyCount "84"]
[WhiteFideId "16229380"]
[BlackFideId "16274890"]
[EventCountry "GER"]
[EventRounds "7"]
[EventType "team-swiss"]
[EventDate "2015.12.27"]

1. e4 e6 2. d4 d5 3. Nc3 dxe4 4. Nxe4 Nd7 5. Nf3 Ngf6 6. Nc3 Bb4 7. Bd2 c5 8.
Bc4 cxd4 9. Nxd4 Ne5 10. Bb5+ Bd7 11. Bxd7+ Qxd7 12. Nf3 Neg4 13. h3 Nh6 14. g4
Nfg8 15. Bxh6 Nxh6 16. Qxd7+ Kxd7 17. O-O-O+ Ke7 18. Ne5 Rad8 19. f4 Rxd1+ 20.
Rxd1 Rd8 21. f5 Rxd1+ 22. Kxd1 exf5 23. Nd5+ Kd6 24. Nxb4 Kxe5 25. Ke2 fxg4 26.
hxg4 Nxg4 27. Nd3+ Ke4 28. Nc5+ Kd5 29. Nd3 Kd4 30. c3+ Kc4 31. Nb4 h5 32. Kf3
a5 33. Nc2 f5 34. Kg3 g5 35. Kf3 h4 36. Kg2 f4 37. Ne1 Ne3+ 38. Kf3 h3 39. Ke2
h2 40. Nf3 h1=Q 41. Nxg5 Qf1+ 42. Kd2 Qd1# 0-1

[Event "DVM U10 2015"]
[Site "Magdeburg GER"]
[Date "2015.12.28"]
[Round "3"]
[White "Zores, Kai"]
[Black "Dembski, Max"]
[Result "1/2-1/2"]
[Termination "normal"]
[Board "21.1"]
[WhiteElo "1053"]
[BlackElo "1072"]
[WhiteTeam "Hamburger SK von 1830 3"]
[BlackTeam "Stader SV"]
[PlyCount "48"]
[EventCountry "GER"]
[EventRounds "7"]
[EventType "team-swiss"]
[EventDate "2015.12.27"]

1. e4 c5 2. Nf3 d6 3. Bc4 g6 4. h3 Bg7 5. Nc3 Nf6 6. d3 O-O 7. O-O Nc6 8. Bg5
Qc7 9. Bxf6 Bxf6 10. Nd5 Qd7 11. Nxf6+ exf6 12. Qd2 Kg7 13. Rfe1 Ne5 14. Nxe5
fxe5 15. c3 b6 16. d4 Re8 17. d5 b5 18. Be2 c4 19. Bg4 Qe7 20. Bxc8 Raxc8 21.
Qe3 Rf8 22. a4 bxa4 23. Rxa4 Rc7 24. Rea1 Ra8 1/2-1/2

[Event "DVM U10 2015"]
[Site "Magdeburg GER"]
[Date "2015.12.28"]
[Round "3"]
[White "Zöllner, Bente"]
[Black "Freitag, Gerrit"]
[Result "0-1"]
[Termination "normal"]
[Board "21.2"]
[WhiteElo "764"]
[BlackElo "898"]
[WhiteTeam "Stader SV"]
[BlackTeam "Hamburger SK von 1830 3"]
[PlyCount "101"]
[WhiteFideId "16230523"]
[BlackFideId "34650148"]
[EventCountry "GER"]
[EventRounds "7"]
[EventType "team-swiss"]
[EventDate "2015.12.27"]

1. d4 Nf6 2. Nf3 g6 3. Bf4 Bg7 4. e3 d6 5. Bd3 O-O 6. O-O Nbd7 7. Nbd2 Re8 8.
Re1 Nd5 9. Ne4 e5 10. Bg3 c6 11. c3 Nc7 12. Nxd6 Re6 13. Nxc8 Rxc8 14. Bc4 Re8
15. Qb3 Ne6 16. dxe5 b5 17. Bxe6 Rxe6 18. Rad1 Qe8 19. Rd6 Nc5 20. Rxe6 Nxe6
21. Rd1 Rd8 22. Bh4 Nc5 23. Qc2 Rxd1+ 24. Qxd1 Bxe5 25. Bg5 Bg7 26. g3 Ne6 27.
Bf4 Nxf4 28. exf4 a6 29. Qd6 Qe4 30. Nd4 Qb1+ 31. Kg2 Qxb2 32. Qd8+ Bf8 33. Qa5
b4 34. Qe5 bxc3 35. Ne2 Bg7 36. Qe8+ Bf8 37. Qe5 Qxa2 38. Nxc3 Qb2 39. Qf6 c5
40. g4 a5 41. Qe5 Bd6 42. Qe8+ Kg7 43. Ne4 Qd4 44. Qc6 Be7 45. Kg3 a4 46. Ng5
Bxg5 47. fxg5 a3 48. Qa6 Qc3+ 49. f3 Qa1 50. Qc6 a2 51. f4 0-1

[Event "DVM U10 2015"]
[Site "Magdeburg GER"]
[Date "2015.12.28"]
[Round "3"]
[White "Kort, Felix"]
[Black "Alpers, Julia"]
[Result "0-1"]
[Termination "normal"]
[Board "21.3"]
[WhiteElo "968"]
[BlackElo "790"]
[WhiteTeam "Hamburger SK von 1830 3"]
[BlackTeam "Stader SV"]
[PlyCount "84"]
[WhiteFideId "16220129"]
[EventCountry "GER"]
[EventRounds "7"]
[EventType "team-swiss"]
[EventDate "2015.12.27"]

1. d4 d5 2. c4 dxc4 3. e3 Nf6 4. Bxc4 Nc6 5. Nc3 Bf5 6. Nf3 e6 7. O-O Bb4 8.
Bd2 O-O 9. a3 Bxc3 10. Bxc3 Re8 11. Ba2 h6 12. Re1 Qd6 13. Re2 Rad8 14. Qe1 Bd3
15. Rd2 Be4 16. Ne5 Bd5 17. f3 Bxa2 18. Rxa2 Qd5 19. b4 Qb3 20. Rdb2 Qd5 21.
Nxc6 Qxc6 22. Rc2 Rd5 23. e4 Rh5 24. e5 Nd7 25. Ba1 Qb5 26. a4 Qd3 27. Rxc7 Nb6
28. Rxb7 Qf5 29. g4 Qxf3 30. gxh5 Qxb7 31. Qg3 Rc8 32. a5 Rc1+ 33. Kf2 Nc4 34.
Qf4 Rd1 35. Qg4 Rh1 36. Kg3 Nxe5 37. Qf4 Rg1+ 38. Kh3 Qd5 39. dxe5 Qxa2 40. Bd4
Qg2+ 41. Kh4 g5+ 42. Qxg5+ hxg5# 0-1

[Event "DVM U10 2015"]
[Site "Magdeburg GER"]
[Date "2015.12.28"]
[Round "3"]
[White "Sassenscheidt, Julius"]
[Black "Deitsche, Alexej"]
[Result "0-1"]
[Termination "normal"]
[Board "22.4"]
[WhiteElo "776"]
[BlackElo "800"]
[WhiteTeam "DJK Arminia Eilendorf 1919"]
[BlackTeam "SF Brackel 1930"]
[PlyCount "52"]
[WhiteFideId "16258509"]
[BlackFideId "34634053"]
[EventCountry "GER"]
[EventRounds "7"]
[EventType "team-swiss"]
[EventDate "2015.12.27"]

1. d4 b6 2. e4 Bb7 3. Nc3 g6 4. Nf3 Bg7 5. Bc4 d5 6. Nxd5 Bxd5 7. Bxd5 c6 8.
Bb3 Bh6 9. Bxh6 Nxh6 10. Ne5 Qc7 11. Nxf7 Nxf7 12. Bxf7+ Kxf7 13. d5 b5 14. O-O
Rg8 15. Re1 g5 16. e5 Ke8 17. dxc6 Qxc6 18. e6 g4 19. g3 Rg6 20. Qd2 Rxe6 21.
Rxe6 Qxe6 22. Rd1 Nc6 23. Qe1 Qxe1+ 24. Rxe1 Nd4 25. Re5 Nf3+ 26. Kg2 Nxe5 0-1

[Event "DVM U10 2015"]
[Site "Magdeburg GER"]
[Date "2015.12.28"]
[Round "3"]
[White "Klühs, Gustaf"]
[Black "Pfefferkorn, Paul"]
[Result "1-0"]
[Termination "normal"]
[Board "23.1"]
[WhiteElo "1129"]
[BlackElo "799"]
[WhiteTeam "Sfr.Nord-Ost Berlin 2"]
[BlackTeam "USV TU Dresden 2"]
[PlyCount "35"]
[WhiteFideId "16228936"]
[BlackFideId "16255330"]
[EventCountry "GER"]
[EventRounds "7"]
[EventType "team-swiss"]
[EventDate "2015.12.27"]

1. d4 d5 2. Nf3 c6 3. c3 Nf6 4. e3 Bg4 5. Bd3 e6 6. Nbd2 Bd6 7. O-O O-O 8. e4
Re8 9. e5 Ne4 10. exd6 Nxd6 11. h3 Bf5 12. Bxf5 Nxf5 13. Nb3 h6 14. Bf4 a5 15.
Ne5 Ne7 16. Nc5 b6 17. Ncd3 Nd7 18. Nf3 1-0

[Event "DVM U10 2015"]
[Site "Magdeburg GER"]
[Date "2015.12.28"]
[Round "3"]
[White "Schulz, Rafael"]
[Black "Janke, Sean Till"]
[Result "1-0"]
[Termination "normal"]
[Board "23.2"]
[WhiteElo "812"]
[BlackElo "949"]
[WhiteTeam "USV TU Dresden 2"]
[BlackTeam "Sfr.Nord-Ost Berlin 2"]
[PlyCount "89"]
[EventCountry "GER"]
[EventRounds "7"]
[EventType "team-swiss"]
[EventDate "2015.12.27"]

1. e4 c6 2. Nf3 d5 3. exd5 cxd5 4. d4 Nc6 5. Bd3 Nf6 6. Nc3 Bg4 7. Be3 e6 8. h3
Bxf3 9. Qxf3 Bd6 10. Nb5 Qa5+ 11. c3 Bc7 12. Nxc7+ Qxc7 13. Bf4 e5 14. dxe5
Nxe5 15. Qe2 Nfd7 16. Bb5 O-O 17. Bxd7 Nd3+ 18. Qxd3 Qxf4 19. O-O Rad8 20. Ba4
Qxa4 21. Qd4 Qb5 22. b4 Rfe8 23. Qxa7 Ra8 24. Qd4 Re4 25. Qc5 Qd7 26. Rfd1 Rd8
27. Rac1 Rc4 28. Qe3 Re8 29. Qf3 Rd8 30. Rd2 Rc6 31. c4 b6 32. Rxd5 Rd6 33.
Rxd6 Qxd6 34. c5 Qh6 35. Re1 bxc5 36. bxc5 Rc8 37. Qe2 Qe6 38. Qd1 Qxa2 39. Qd7
Qa8 40. Re7 Qa1+ 41. Kh2 Qa8 42. Rxf7 Qb8+ 43. g3 Re8 44. Rxg7+ Kf8 45. Qf7#
1-0

[Event "DVM U10 2015"]
[Site "Magdeburg GER"]
[Date "2015.12.28"]
[Round "3"]
[White "Niemann, Leon"]
[Black "Kracke, Lukas"]
[Result "1-0"]
[Termination "normal"]
[Board "24.1"]
[WhiteElo "1090"]
[BlackElo "784"]
[WhiteTeam "Hannover 96"]
[BlackTeam "KSV Rochade Göttingen 2"]
[PlyCount "55"]
[WhiteFideId "16218388"]
[EventCountry "GER"]
[EventRounds "7"]
[EventType "team-swiss"]
[EventDate "2015.12.27"]

1. c4 e5 2. Nc3 Nc6 3. g3 Nf6 4. Bg2 Bc5 5. Nf3 O-O 6. O-O e4 7. Ng5 h6 8.
Ngxe4 d6 9. Nxc5 dxc5 10. d3 Re8 11. Bxc6 bxc6 12. b3 Bh3 13. Re1 Ng4 14. f3
Ne5 15. Be3 Ng4 16. Bxc5 Ne3 17. Bxe3 Rxe3 18. Ne4 Qd4 19. Kh1 f5 20. Nf2 g5
21. Nxh3 g4 22. fxg4 fxg4 23. Nf2 Rf8 24. Rf1 Qe5 25. Nxg4 Rxf1+ 26. Qxf1 Qe6
27. Nxe3 Qxe3 28. Qf3 1-0

[Event "DVM U10 2015"]
[Site "Magdeburg GER"]
[Date "2015.12.28"]
[Round "3"]
[White "Zimmermann, Simon"]
[Black "I., Natascha"]
[Result "0-1"]
[Termination "normal"]
[Board "24.4"]
[WhiteElo "777"]
[BlackElo "756"]
[WhiteTeam "KSV Rochade Göttingen 2"]
[BlackTeam "Hannover 96"]
[PlyCount "80"]
[WhiteFideId "16235649"]
[BlackFideId "16257545"]
[EventCountry "GER"]
[EventRounds "7"]
[EventType "team-swiss"]
[EventDate "2015.12.27"]

1. e4 e6 2. d4 d5 3. exd5 exd5 4. Nc3 Nc6 5. Nf3 Nf6 6. Bb5 Bd7 7. Bg5 h6 8.
Bh4 g5 9. Bg3 a6 10. Ba4 Qe7+ 11. Ne2 O-O-O 12. O-O Bg4 13. Nc3 Bd7 14. Re1 Qb4
15. b3 Qxc3 16. Re3 Qb4 17. a3 Qb6 18. Qc1 Bg4 19. Ne5 Nxe5 20. Bxe5 Ne4 21.
Bxh8 f6 22. c4 Be6 23. cxd5 Bxd5 24. Qe1 Bd6 25. f3 Rxh8 26. fxe4 Bf7 27. e5
Be7 28. exf6 Bxf6 29. Rd1 Bxd4 30. Rxd4 Qxd4 31. Kh1 Bg6 32. Re6 Bh5 33. g4 Bf7
34. Re5 Bd5+ 35. Re4 Bxe4+ 36. Qxe4 Qxe4+ 37. Kg1 Qe2 38. h3 Rd8 39. b4 Rd2 40.
Bc6 Qe1# 0-1

[Event "DVM U10 2015"]
[Site "Magdeburg GER"]
[Date "2015.12.28"]
[Round "3"]
[White "Tran Minh, Duc"]
[Black "Hartmann, Samuel"]
[Result "1-0"]
[Termination "normal"]
[Board "25.1"]
[WhiteElo "796"]
[BlackElo "888"]
[WhiteTeam "SF Hettstedt 2"]
[BlackTeam "SG Niederkassel"]
[PlyCount "93"]
[EventCountry "GER"]
[EventRounds "7"]
[EventType "team-swiss"]
[EventDate "2015.12.27"]

1. e4 e5 2. Nf3 Nc6 3. Nc3 Bb4 4. Bc4 Nf6 5. Ng5 O-O 6. Nxf7 Rxf7 7. Bxf7+ Kxf7
8. d3 d5 9. O-O dxe4 10. dxe4 Qxd1 11. Rxd1 Bc5 12. Be3 Bxe3 13. fxe3 Bg4 14.
Rf1 Rd8 15. h3 Bh5 16. Nd5 Rd6 17. g4 Bg6 18. g5 Bxe4 19. gxf6 Bxd5 20. fxg7+
Kxg7 21. Rad1 Rg6+ 22. Kf2 Rg2+ 23. Ke1 Bc4 24. Rf2 Rg1+ 25. Kd2 Rxd1+ 26. Kxd1
Bxa2 27. Rg2+ Kf6 28. b3 b5 29. Kc1 a5 30. Kb2 Nb4 31. c3 Nd3+ 32. Kxa2 Ke6 33.
b4 a4 34. Rd2 Nc1+ 35. Ka3 Nb3 36. Rc2 Kd5 37. c4+ bxc4 38. Kxa4 c5 39. Kb5 Ke4
40. Rc3 Nd2 41. bxc5 Nf1 42. Rxc4+ Kxe3 43. c6 Nd2 44. Rc5 Nf3 45. c7 Kd3 46.
c8=Q Nd4+ 47. Kb4 1-0

[Event "DVM U10 2015"]
[Site "Magdeburg GER"]
[Date "2015.12.28"]
[Round "3"]
[White "Möschwitzer, Luis"]
[Black "Hostmann, Henning"]
[Result "1-0"]
[Termination "normal"]
[Board "26.1"]
[WhiteElo "975"]
[BlackElo "965"]
[WhiteTeam "SG Blau-Weiß Stadtilm 2"]
[BlackTeam "USC Magdeburg 2"]
[PlyCount "91"]
[BlackFideId "16255380"]
[EventCountry "GER"]
[EventRounds "7"]
[EventType "team-swiss"]
[EventDate "2015.12.27"]

1. e4 e5 2. Nf3 Nc6 3. Bc4 Bc5 4. Nc3 Nf6 5. d3 d6 6. Be3 Bg4 7. Bxc5 dxc5 8.
h3 Be6 9. Bb3 O-O 10. Qd2 h6 11. O-O-O Qe7 12. Rdg1 c4 13. dxc4 Rad8 14. Qe3
Rfe8 15. g4 b6 16. g5 Nd7 17. gxh6 Qc5 18. Rxg7+ Kf8 19. Qxc5+ Nxc5 20. Nd5
Bxd5 21. cxd5 Nb4 22. d6 Nxa2+ 23. Bxa2 Rd7 24. dxc7 Rxc7 25. Rhg1 Rd7 26. Rg8+
Ke7 27. Rxe8+ Kxe8 28. Rg8+ Ke7 29. Nxe5 Rd8 30. Nc6+ Kd7 31. Rxd8+ Kxc6 32. h7
Ne6 33. Bd5+ Kc7 34. Bxe6 Kxd8 35. h8=Q+ Ke7 36. f4 fxe6 37. Qg7+ Kd6 38. Qe5+
Ke7 39. Kd2 a5 40. Kd3 a4 41. Qg7+ Kd6 42. e5+ Kc5 43. Qe7+ Kb5 44. c4+ Ka5 45.
Qa7+ Kb4 46. Qxb6# 1-0

[Event "DVM U10 2015"]
[Site "Magdeburg GER"]
[Date "2015.12.28"]
[Round "3"]
[White "Khanbekyan, Nare"]
[Black "Tomasini, Marius"]
[Result "0-1"]
[Termination "normal"]
[Board "26.2"]
[WhiteElo "698"]
[BlackElo "836"]
[WhiteTeam "USC Magdeburg 2"]
[BlackTeam "SG Blau-Weiß Stadtilm 2"]
[PlyCount "54"]
[WhiteFideId "16270916"]
[EventCountry "GER"]
[EventRounds "7"]
[EventType "team-swiss"]
[EventDate "2015.12.27"]

1. e4 e5 2. Nf3 Nc6 3. Bc4 Bc5 4. d3 Nf6 5. Nc3 d6 6. Bg5 Be6 7. O-O Qe7 8. Re1
O-O-O 9. h3 h6 10. Bh4 g5 11. Bg3 Rdg8 12. a3 h5 13. b4 Bd4 14. Nb5 Bxa1 15.
Qxa1 g4 16. Nh4 gxh3 17. Nc3 hxg2 18. Nxg2 h4 19. Bh2 h3 20. Bg3 Rxg3 21. fxg3
h2+ 22. Kh1 Ng4 23. Nh4 Rxh4 24. gxh4 Qxh4 25. Rf1 Ne3 26. Rf3 Qg5 27. Kxh2
Qg2# 0-1

[Event "DVM U10 2015"]
[Site "Magdeburg GER"]
[Date "2015.12.28"]
[Round "3"]
[White "Kirsch, Martin"]
[Black "Rabenstein, Jonathan"]
[Result "1-0"]
[Termination "normal"]
[Board "26.3"]
[WhiteElo "816"]
[BlackElo "766"]
[WhiteTeam "SG Blau-Weiß Stadtilm 2"]
[BlackTeam "USC Magdeburg 2"]
[PlyCount "69"]
[WhiteFideId "2925630"]
[BlackFideId "16298462"]
[EventCountry "GER"]
[EventRounds "7"]
[EventType "team-swiss"]
[EventDate "2015.12.27"]

1. e4 e5 2. Nf3 Nc6 3. Bc4 Nf6 4. Nc3 Nxe4 5. Nxe4 d5 6. Bb5 dxe4 7. Nxe5 Bd7
8. Nxd7 Qxd7 9. d3 O-O-O 10. Be3 Qd5 11. Bc4 Qd6 12. Qd2 a6 13. O-O-O Qd7 14.
dxe4 Bb4 15. Qxd7+ Rxd7 16. Rxd7 Kxd7 17. Rd1+ Kc8 18. Bxf7 Rd8 19. Be6+ Kb8
20. Rxd8+ Nxd8 21. a3 Nxe6 22. axb4 Nd8 23. Kd2 Nf7 24. Bd4 g5 25. e5 Nd8 26.
Ke3 b6 27. Ke4 Ne6 28. Be3 Kb7 29. Kf5 Ng7+ 30. Kf6 Nh5+ 31. Kf7 Kc6 32. e6 Nf4
33. e7 Kd6 34. e8=Q Nd5 35. Qe6# 1-0

[Event "DVM U10 2015"]
[Site "Magdeburg GER"]
[Date "2015.12.28"]
[Round "3"]
[White "Derling, Charlotte"]
[Black "von Hugo, Amelie"]
[Result "1-0"]
[Termination "normal"]
[Board "27.1"]
[WhiteElo "925"]
[BlackElo "729"]
[WhiteTeam "SV Roter Turm Halle 2"]
[BlackTeam "KSV Rochade Göttingen 3"]
[PlyCount "137"]
[WhiteFideId "16222237"]
[EventCountry "GER"]
[EventRounds "7"]
[EventType "team-swiss"]
[EventDate "2015.12.27"]

1. e4 e5 2. Nf3 Nc6 3. d4 d6 4. d5 Nd4 5. Nxd4 exd4 6. Qxd4 Qf6 7. Qxf6 Nxf6 8.
Nc3 c6 9. dxc6 bxc6 10. Bd3 d5 11. e5 Nd7 12. Bf4 Bb4 13. O-O c5 14. Nxd5 Nb6
15. Nxb6 axb6 16. Be4 Ra7 17. Bc6+ Bd7 18. Bxd7+ Kxd7 19. a3 Ba5 20. Rad1+ Ke6
21. c3 b5 22. Rfe1 Rd7 23. Rxd7 Kxd7 24. Be3 c4 25. Bc5 Kc6 26. Bb4 Bxb4 27.
axb4 Kb6 28. e6 fxe6 29. Rxe6+ Kc7 30. h3 Kd7 31. Re5 Kd6 32. Rxb5 Re8 33. g3
Re1+ 34. Kg2 Re2 35. Rc5 Rxb2 36. Rxc4 Kd5 37. Rc5+ Kd6 38. Kf3 Rb1 39. Ke3 Rh1
40. h4 Re1+ 41. Kd4 Rd1+ 42. Kc4 Rf1 43. Rf5 Ke6 44. Rf4 Ke5 45. Kc5 Rc1 46. c4
Ra1 47. Rd4 Ra8 48. Rd6 Rc8+ 49. Rc6 Rxc6+ 50. Kxc6 Ke4 51. b5 Kf3 52. b6 Kxf2
53. b7 Kxg3 54. b8=Q+ Kxh4 55. Qe5 g5 56. Kd5 g4 57. Qh2+ Kg5 58. Ke4 h5 59.
Ke3 h4 60. Qf4+ Kh5 61. Qf5+ Kh6 62. Qxg4 h3 63. Qxh3+ Kg5 64. Qf3 Kh4 65. Qg2
Kh5 66. Kf4 Kh6 67. Kf5 Kh7 68. Kf6 Kh8 69. Qg7# 1-0

[Event "DVM U10 2015"]
[Site "Magdeburg GER"]
[Date "2015.12.28"]
[Round "3"]
[White "Fahrendorff, Tristan"]
[Black "Kageler, Anton Paul"]
[Result "0-1"]
[Termination "normal"]
[Board "27.2"]
[WhiteElo "774"]
[BlackElo "964"]
[WhiteTeam "KSV Rochade Göttingen 3"]
[BlackTeam "SV Roter Turm Halle 2"]
[PlyCount "27"]
[BlackFideId "16244850"]
[EventCountry "GER"]
[EventRounds "7"]
[EventType "team-swiss"]
[EventDate "2015.12.27"]

1. e4 e5 2. Nf3 d6 3. d4 Nc6 4. dxe5 dxe5 5. Qxd8+ Kxd8 6. Bb5 Nf6 7. Nc3 a6 8.
Bxc6 bxc6 9. Nxe5 Bd6 10. Nxf7+ Ke8 11. Nxh8 Bb4 12. O-O h5 13. a3 Ba5 14. Re1
{nicht weiter nachvollziebar} 0-1

[Event "DVM U10 2015"]
[Site "Magdeburg GER"]
[Date "2015.12.28"]
[Round "4"]
[White "Weihrauch, Jakob"]
[Black "Prieb, Robert"]
[Result "1/2-1/2"]
[Termination "normal"]
[Board "1.1"]
[WhiteElo "1732"]
[BlackElo "1494"]
[WhiteClock "00:06:24"]
[BlackClock "00:07:23"]
[WhiteTeam "Hamburger SK von 1830 1"]
[BlackTeam "SchachAkademiePaderborn 1"]
[PlyCount "95"]
[WhiteFideId "16210115"]
[BlackFideId "16212002"]
[EventCountry "GER"]
[EventRounds "7"]
[EventType "team-swiss"]
[EventDate "2015.12.27"]

1. e4 {[%clk 0:59:58]} e5 {[%clk 0:59:48]} 2. Nf3 {[%clk 0:59:30]} Nf6 {[%clk
0:59:30]} 3. Nxe5 {[%clk 0:59:22]} d6 {[%clk 0:59:11]} 4. Nf3 {[%clk 0:59:15]}
Nxe4 {[%clk 0:58:49]} 5. Nc3 {[%clk 0:59:10]} Nxc3 {[%clk 0:58:16]} 6. dxc3
{[%clk 0:59:03]} Be7 {[%clk 0:57:43]} 7. Be3 {[%clk 0:58:39]} Nc6 {[%clk
0:56:54]} 8. Qd2 {[%clk 0:58:05]} Be6 {[%clk 0:55:48]} 9. Nd4 {[%clk 0:56:54]}
Nxd4 {[%clk 0:54:35]} 10. cxd4 {[%clk 0:56:10]} d5 {[%clk 0:52:29]} 11. O-O-O
{[%clk 0:55:08]} Qd7 {[%clk 0:51:36]} 12. Kb1 {[%clk 0:53:48]} O-O-O {[%clk
0:50:24]} 13. Be2 {[%clk 0:50:29]} h6 {[%clk 0:47:07]} 14. h4 {[%clk 0:49:47]}
f6 {[%clk 0:44:19]} 15. h5 {[%clk 0:48:23]} f5 {[%clk 0:41:25]} 16. Bf3 {[%clk
0:43:52]} Bf6 {[%clk 0:39:06]} 17. Qb4 {[%clk 0:41:28]} Qd6 {[%clk 0:36:37]}
18. Qa4 {[%clk 0:38:38]} Kb8 {[%clk 0:34:29]} 19. c4 {[%clk 0:37:06]} Qd7
{[%clk 0:31:12]} 20. Qb3 {[%clk 0:35:54]} Qc6 {[%clk 0:28:59]} 21. c5 {[%clk
0:35:31]} Rhe8 {[%clk 0:26:57]} 22. Be2 {[%clk 0:34:22]} Bd7 {[%clk 0:25:10]}
23. Qd3 {[%clk 0:33:12]} a6 {[%clk 0:23:58]} 24. Rhg1 {[%clk 0:31:14]} Qe6
{[%clk 0:21:35]} 25. Bf3 {[%clk 0:28:48]} Qf7 {[%clk 0:20:11]} 26. Bf4 {[%clk
0:25:46]} Be6 {[%clk 0:17:58]} 27. c6 {[%clk 0:22:37]} Bc8 {[%clk 0:16:07]} 28.
cxb7 {[%clk 0:21:39]} Bxb7 {[%clk 0:16:06]} 29. Rc1 {[%clk 0:20:14]} Rd7 {[%clk
0:14:56]} 30. Qxf5 {[%clk 0:15:22]} Bxd4 {[%clk 0:14:02]} 31. Qxf7 {[%clk
0:14:40]} Rxf7 {[%clk 0:13:52]} 32. Bg3 {[%clk 0:14:34]} Bb6 {[%clk 0:13:33]}
33. Rgd1 {[%clk 0:13:34]} d4 {[%clk 0:12:39]} 34. Bxb7 {[%clk 0:12:44]} Kxb7
{[%clk 0:12:38]} 35. Rd2 {[%clk 0:11:27]} Rd8 {[%clk 0:12:21]} 36. Rd3 {[%clk
0:10:43]} Rd5 {[%clk 0:11:53]} 37. Re1 {[%clk 0:09:44]} Rxh5 {[%clk 0:10:45]}
38. Kc2 {[%clk 0:08:59]} Rd5 {[%clk 0:10:18]} 39. Kb3 {[%clk 0:08:48]} h5
{[%clk 0:10:01]} 40. Re4 {[%clk 0:08:22]} Rfd7 {[%clk 0:09:42]} 41. f4 {[%clk
0:07:34]} c5 {[%clk 0:09:04]} 42. Kc4 {[%clk 0:07:30]} Rf5 {[%clk 0:08:23]} 43.
Bh4 {[%clk 0:07:19]} Rdf7 {[%clk 0:08:09]} 44. g3 Rd7 {[%clk 0:07:56]} 45. Re6
{[%clk 0:07:00]} Kc7 {[%clk 0:07:39]} 46. Bg5 {[%clk 0:06:49]} Rd6 {[%clk
0:07:23]} 47. Re7+ {[%clk 0:06:39]} Rd7 {[%clk 0:07:23]} 48. Re6 {[%clk
0:06:24]} 1/2-1/2